World War II history (hard) - Statistics

General Stats
  • This quiz has been taken 311 times
    285 since last reset
  • The average score is 5 of 22
Answer Stats
Hint Answer % Correct
Manhattan Project
67%
Which Nazi politician parachuted into Britain in May 1941? Rudolf Hess
61%
V2
39%
The volunteer's of Germany's "blue division" came from which country? Spain
37%
Which city was the center of the USSR's oil production? Baku
33%
Who won the 1953 Nobel price in literature for his books on WW2? Churchill
33%
In what French coastal town did the Allies attempt a large scale raid in 1942? Dieppe
30%
Which Nazi politician claimed he'd change his name to Meyer if one single bomb fell on Berlin Göring
30%
What was Finland's line of fortifications in Karelia called? Mannerheim Line
26%
What was the name of the last-ditch troops Germany mustered among civilians initially unfit to serve? Volkssturm
18%
Which item was removed from the famous fotograph of a Soviet soldier raising the flag on the Reichstag? watch
18%
Which up-gunned US Sherman tank variant was named after a small insect? Firefly
17%
Which German tank destroyer's name translates to "rhino"? Nashorn
13%
Name IJN Yamato's two sister ships Musashi
11%
Name the three most expensive weapons projects of the war B29
10%
What was the name of Britain's proposed super carrier made from ice and wood pulp? Habakkuk
8%
Who is the most famous of Japan's war holdouts - surrendering only in 1974 Onoda
6%
Shinano
5%
Where would you find "schräge Musik"? plane
4%
What was the name of the French submarine that boasted two cruiser guns and a plane? Surcouf
4%
What was the name of the British operation aimed at breaking the siege of Tobruk? Battleaxe
2%
What was the only type of fleet submarine designed to operate predominantly underwater? (only a handful were operational at the war's end) XXI
2%
No matching quizzes found
Score Distribution
Percent of People with Each Score
Percentile by Number Answered
Your Score History
You have not taken this quiz since the last reset